| 000 | 00411cam a2200157ua 4500 | ||
|---|---|---|---|
| 041 |
_aeng _h |
||
| 082 |
_a828.09 _bBOA/IN |
||
| 100 | _aBoas, Frederick S . | ||
| 245 |
_aIntroduction to Eighteenth Century Drama / _cFrederick S. _hTextual Documents |
||
| 260 |
_aLondon : _bOxford University Press , _c1965. |
||
| 300 | _a365 ; . | ||
| 504 | _a | ||
| 942 | _cBK | ||
| 999 |
_c2779 _d2779 |
||